000 00739nam a2200241 a 4500
005 20240925065629.0
008 191111s1994 fr 000 0 spa d
020 _a9506023034
035 _aUPN01000233958
040 _aUPN
_bspa
_cUPN
050 1 4 _aHM585
_bB3.8
100 1 _aBauman, Zygmunt,
_d1925-2017
_930175
245 1 0 _aPensando sociologicamente /
_cZygmunt Bauman ; tr. Ofelia Castillo
260 3 _aBuenos Aires :
_bNueva Visión,
_cc1994.
300 _a239 p.
440 0 _943688
_aColección diagonal
500 _a"Título original en inglés: Thinking sociologically".
650 4 _aSociología
_95756
700 1 _943689
_aCastillo, Ofelia
_etr.
905 _aLibro
942 _2lcc
_cLIBRO
999 _c206053
_d206053